000 00594 a2200157 4500
020 _a0471902012
020 _a9780471902010
090 _c324
_d324
100 1 _aBaiocchi, Claudio.
245 1 0 _aVariational and quasivariational inequalities :
_bapplications to free-boundary problems /
_cClaudio Baiocchi, Antonio Capelo.
260 _a[S.l.] :
_bJohn Wiley & Sons Ltd,
_c1984.
300 _a462 p.
700 1 _aCapelo, Antonio.
942 _aSNS
_cBK
_k515.64 BAI
999 _c28959
_d28959